000 00487nam a22001577a 4500
005 20251218153312.0
008 251218b |||||||| |||| 00| 0 eng d
020 _a978-93-86235-61-9
100 _aVATI, JOGINDRA
245 _aCOMMUNICATION AND EDUCATIONAL TECHNOLOGY FOR NURSES
260 _aTELANGANA, INDIA
_bUNIVERSITIES PRESS
_c2018
300 _aXV, 559P.
500 _aINCLUDES INDEX
650 _a1. NURSING -STUDY AND TEACHING 2. COMMUINCATION IN NURSING
942 _2lcc
_cBK
999 _c216360
_d216360